The Mandalorian's quest / (Record no. 372347)
[ view plain ]
| 000 -LEADER | |
|---|---|
| fixed length control field | 01848nam a2200373 i 4500 |
| 001 - CONTROL NUMBER | |
| control field | zcodcb b7024058 |
| 003 - CONTROL NUMBER IDENTIFIER | |
| control field | PWmBRO |
| 005 - DATE AND TIME OF LATEST TRANSACTION | |
| control field | 20220412134034.0 |
| 008 - FIXED-LENGTH DATA ELEMENTS--GENERAL INFORMATION | |
| fixed length control field | 220126s2022 caua b 000 1 eng d |
| 020 ## - INTERNATIONAL STANDARD BOOK NUMBER | |
| International Standard Book Number | 9781368075954 |
| 020 ## - INTERNATIONAL STANDARD BOOK NUMBER | |
| International Standard Book Number | 1368075959 |
| 040 ## - CATALOGING SOURCE | |
| Original cataloging agency | PABRO |
| Language of cataloging | eng |
| Description conventions | rda |
| Transcribing agency | PABRO |
| 092 ## - LOCALLY ASSIGNED DEWEY CALL NUMBER (OCLC) | |
| Classification number | E Star Wars |
| 100 1# - MAIN ENTRY--PERSONAL NAME | |
| Personal name | Vitale, Brooke, |
| Relator term | author. |
| 9 (RLIN) | 5966284 |
| 245 14 - TITLE STATEMENT | |
| Title | The Mandalorian's quest / |
| Statement of responsibility, etc | written by Brooke Vitale ; illustrated by Tomatofarm. |
| 246 1# - VARYING FORM OF TITLE | |
| Display text | At head of title: |
| Title proper/short title | Star Wars, the Mandalorian. |
| 250 ## - EDITION STATEMENT | |
| Edition statement | First edition. |
| 264 #1 - Production, Publication, Distribution, Manufacture, and Copyright Notice. | |
| Place of production, publication, distribution, manufacture | Los Angeles : |
| Name of producer, publisher, distributor, manufacturer | Disney Lucasfilm Press, |
| Date of production, publication, distribution, manufacture, or copyr | 2022. |
| 300 ## - PHYSICAL DESCRIPTION | |
| Extent | 24 pages : |
| Other physical details | color illustrations ; |
| Dimensions | 21 cm. |
| 336 ## - Content Type | |
| Content type term | text |
| 337 ## - Media type | |
| Media type term | unmediated |
| 338 ## - Carrier type | |
| Carrier type term | volume |
| 520 ## - SUMMARY, ETC. | |
| Summary, etc | Relive your favorite moments from season two of Star Wars: The Mandalorian! This colorful, dynamic, action-packed storybook lets young readers relive the highlights of the second season of the smash-hit Disney+ live action television series, Star Wars: The Mandalorian. From the Mandalorian himself, to the adorable Grogu, and other characters like Greef Karga, and Moff Gideon, some of the most exciting moments from season two are here to enjoy along with full-color stickers! This is the way! |
| 650 #0 - SUBJECT ADDED ENTRY--TOPICAL TERM | |
| Topical term or geographic name as entry element | Extraterrestrial beings |
| Form subdivision | Juvenile fiction. |
| 9 (RLIN) | 5688713 |
| 650 #0 - SUBJECT ADDED ENTRY--TOPICAL TERM | |
| Topical term or geographic name as entry element | Bounty hunters |
| Form subdivision | Juvenile fiction. |
| 9 (RLIN) | 5699412 |
| 650 #0 - SUBJECT ADDED ENTRY--TOPICAL TERM | |
| Topical term or geographic name as entry element | Interplanetary voyages |
| Form subdivision | Juvenile fiction. |
| 9 (RLIN) | 5674770 |
| 650 #1 - SUBJECT ADDED ENTRY--TOPICAL TERM | |
| Topical term or geographic name as entry element | Extraterrestrial beings |
| Form subdivision | Fiction. |
| 9 (RLIN) | 5685958 |
| 650 #1 - SUBJECT ADDED ENTRY--TOPICAL TERM | |
| Topical term or geographic name as entry element | Bounty hunters |
| Form subdivision | Fiction. |
| 9 (RLIN) | 5673791 |
| 650 #1 - SUBJECT ADDED ENTRY--TOPICAL TERM | |
| Topical term or geographic name as entry element | Interplanetary voyages |
| Form subdivision | Fiction. |
| 9 (RLIN) | 5676020 |
| 710 2# - ADDED ENTRY--CORPORATE NAME | |
| Corporate name or jurisdiction name as entry element | Tomatofarm (Firm) |
| Relator term | illustrator. |
| 9 (RLIN) | 6408500 |
| 730 0# - ADDED ENTRY--UNIFORM TITLE | |
| Uniform title | Star Wars, the Mandalorian (Television program) |
| 9 (RLIN) | 6423920 |
| 907 ## - LOCAL DATA ELEMENT G, LDG (RLIN) | |
| a | .b461618345 |
| 942 ## - ADDED ENTRY ELEMENTS (KOHA) | |
| Source of classification or shelving scheme | Dewey Decimal Classification |
| Koha item type | BOOK |
| Withdrawn status | Lost status | Source of classification or shelving scheme | Damaged status | Not for loan | Collection code | Home library | Current library | Shelving location | Date acquired | Source of acquisition | Total Checkouts | Total Renewals | Full call number | Barcode | Date last seen | Date checked out | Cost, replacement price | Price effective from | Koha item type |
|---|---|---|---|---|---|---|---|---|---|---|---|---|---|---|---|---|---|---|---|
| Dewey Decimal Classification | Children Picture Books | Wasatch County Library | Wasatch County Library | Main Floor Childrens Area | 04/12/2022 | Penworthy | 27 | 20 | E Star Wars | 34301001826983 | 01/05/2026 | 11/15/2025 | 15.96 | 04/12/2022 | BOOK |
